Normal view
MARC view
- Zavattini Cesare
Entry Personal Name
001 - CONTROL NUMBER
- control field: 39004
003 - CONTROL NUMBER IDENTIFIER
- control field: IT-RoPau
005 - DATE AND TIME OF LATEST TRANSACTION
- control field: 20151126090802.0
008 - FIXED-LENGTH DATA ELEMENTS
- fixed length control field: 151126|| aca||aabn | a|a d
040 ## - CATALOGING SOURCE
- Original cataloging agency: IT-RoPau
- Transcribing agency: IT-RoPau
100 ## - HEADING--PERSONAL NAME
- Personal name: Zavattini Cesare
- Relator term: (soggetto)
- Miscellaneous information: Codice Soggetto SPICS: 3365
670 ## - SOURCE DATA FOUND
- Source citation: Work cat.: (IT-RoPau)105019: De Sica Vittorio Codice regista SPICS: 7270 38999, MIRACOLO A MILANO MIRACOLO A MILANO (Rif. Codice opera principale : V0835)